000 00440nam a2200181Ia 4500
001 20492
005 20260306172810.0
008 260306t2004||||xx |||||||||||||| ||spa||
041 _aESP
082 _a343.332
_bG23
100 _aGarcía Belaunde, Domingo
_eAUT
245 0 _aEl poder judicial en la encrucijada
260 _c2004
300 _a109 páginas :
_c23 cm.
650 _aGEN
654 _aCDE
942 _cLIB
_dJUS
_fJUS
_2ddc
_n
999 _c20492
_d20492